La cura de almas en las grandes ciudades: estudio de teología pastoral con tres tablas estadísticas

Salvato in:
Dettagli Bibliografici
Autore principale: Swoboda, Enrique (Autore)
Natura: Libro
Lingua:spagnolo
Pubblicazione: Barcelona Gustavo Gili 1921
Edizione:1a. ed
Soggetti:
Tags: Aggiungi Tag
Nessun Tag, puoi essere il primo ad aggiungerne!!

MARC

LEADER 00000cam a2200000 a 4500
001 UCD0298
003 CL-VaPUC
008 151120e19210000sp |||||||||||||||||spa|d
082 0 4 |a 253  |b SWO  |2 21 
100 0 |a Swoboda, Enrique  |e author  |9 583288 
245 1 3 |a La cura de almas en las grandes ciudades: estudio de teología pastoral con tres tablas estadísticas 
250 |a 1a. ed 
300 |a 352 p 
942 |c BK 
945 |d 20151120 13:39:00  |a gsalatino 
260 |a Barcelona  |b Gustavo Gili  |c 1921 
650 0 |a Teología pastoral   |9 257832 
650 7 |a SANTIDAD  |2 CL-VaPUC  |9 394686 
650 0 |a Vocación religiosa  |9 392452 
583 |a last modification  |c 20151120 13:39:00  |k Rodrigo Vera 
999 |c 361864  |d 361862 
952 |0 0  |1 0  |3 erd  |4 0  |6 253_000000000000000_SWO_1921  |7 0  |8 P  |9 472607  |a BIBTEO  |b BIBTES  |c TEO_FTES  |i 5271258  |o 253 SWO 1921  |p 5271258  |r 2024-01-18  |w 2019-11-24  |y BK  |z Catalogado en:20151120  |k ICR